<?xml version="1.0" encoding="UTF-8"?>
<record
    xmlns:xsi="http://www.w3.org/2001/XMLSchema-instance"
    xsi:schemaLocation="http://www.loc.gov/MARC21/slim http://www.loc.gov/standards/marcxml/schema/MARC21slim.xsd"
    xmlns="http://www.loc.gov/MARC21/slim">

  <leader>02070    a2200241   4500</leader>
  <controlfield tag="001">31667</controlfield>
  <controlfield tag="005">20260407155620.0</controlfield>
  <controlfield tag="008">260407a1972    arg                 spa d</controlfield>
  <controlfield tag="003">AR-UNSa-BCEJYS</controlfield>
  <datafield tag="040" ind1=" " ind2=" ">
    <subfield code="a">AR-UNSa-BCEJYS</subfield>
    <subfield code="b">spa</subfield>
    <subfield code="c">AR-UNSa-BCEJYS</subfield>
  </datafield>
  <datafield tag="080" ind1=" " ind2=" ">
    <subfield code="a">658.5</subfield>
    <subfield code="x">Planificaci&#xF3;n y control de la producci&#xF3;n
</subfield>
  </datafield>
  <datafield tag="245" ind1="1" ind2="0">
    <subfield code="a">Sistemas de producci&#xF3;n e inventario</subfield>
    <subfield code="p">planeaci&#xF3;n y control</subfield>
  </datafield>
  <datafield tag="264" ind1=" " ind2="1">
    <subfield code="a">M&#xE9;xico :</subfield>
    <subfield code="b">Limusa</subfield>
    <subfield code="c">1972</subfield>
  </datafield>
  <datafield tag="300" ind1=" " ind2=" ">
    <subfield code="a">576 p.</subfield>
    <subfield code="c">23 cm.</subfield>
  </datafield>
  <datafield tag="505" ind1=" " ind2=" ">
    <subfield code="a">Parte I: Introducci&#xF3;n: 1. Naturaleza de los sistemas de producci&#xF3;n - inventario - 2. Pron&#xF3;sticos para el control de los inventarios y de la producci&#xF3;n -- Parte II: Inventarios: 3. Modelos b&#xE1;sicos de inventarios - 4. Sistemas de administraci&#xF3;n de inventarios --Parte III: Planeaci&#xF3;n agregada,conceptos y m&#xE9;todos: 5. Planeaci&#xF3;n agregada,planteamiento del problema - 6. M&#xE9;todos de planeaci&#xF3;n agregada utilizando reglas de decisi&#xF3;n matem&#xE1;ticamente &#xF3;ptimas y heur&#xED;sticas - 7. M&#xE9;todos de planeaci&#xF3;n agregada utilizando la regla de decisi&#xF3;n por b&#xFA;squeda -- Parte IV:Planeaci&#xF3;n y programaci&#xF3;n para productos estandarizados de alto volumen de producci&#xF3;n: 8. Programaci&#xF3;n para productos estandarizados de alto volumen de producci&#xF3;n - 9. Secuencia de operaciones y balance de l&#xED;neas -- Parte V: Planeaci&#xF3;n y programaci&#xF3;n en los sistemas de producci&#xF3;n intermitente en talleres: 10. Dise&#xF1;o de las instalaciones para sistemas intermitentes - 11. Investigaci&#xF3;n para programaci&#xF3;n en talleres de producci&#xF3;n intermitente - 12. Sistemas de planeaci&#xF3;n,programaci&#xF3;n y control en los talleres de producci&#xF3;n intermitente -- Parte VI: Planeaci&#xF3;n y programaci&#xF3;n de los proyectos en gran escala - 13. Planeaci&#xF3;n y programaci&#xF3;n de redes - 14. Programaci&#xF3;n y control de proyectos -- Parte VII: Resumen: 15. Control de inventarios y de la producci&#xF3;n-S&#xED;ntesis.      </subfield>
  </datafield>
  <datafield tag="041" ind1=" " ind2=" ">
    <subfield code="a">spa</subfield>
  </datafield>
  <datafield tag="942" ind1=" " ind2=" ">
    <subfield code="c">BK</subfield>
  </datafield>
  <datafield tag="590" ind1=" " ind2=" ">
    <subfield code="a">niveau_biblio:m niveau_hierar:0</subfield>
  </datafield>
  <datafield tag="100" ind1="1" ind2=" ">
    <subfield code="a">Su&#xE1;rez, Eduardo L.</subfield>
  </datafield>
  <datafield tag="700" ind1="1" ind2=" ">
    <subfield code="a">Buffa, Elwood S.</subfield>
  </datafield>
  <datafield tag="700" ind1="1" ind2=" ">
    <subfield code="a">Taubert, William H.</subfield>
  </datafield>
  <datafield tag="700" ind1="1" ind2=" ">
    <subfield code="a">Le&#xF3;n Garza, Miguel</subfield>
  </datafield>
  <datafield tag="999" ind1=" " ind2=" ">
    <subfield code="c">2205</subfield>
    <subfield code="d">2205</subfield>
  </datafield>
  <datafield tag="952" ind1=" " ind2=" ">
    <subfield code="0">0</subfield>
    <subfield code="1">0</subfield>
    <subfield code="4">0</subfield>
    <subfield code="7">0</subfield>
    <subfield code="a">BCEJYS</subfield>
    <subfield code="b">BCEJYS</subfield>
    <subfield code="c">16</subfield>
    <subfield code="d">2026-04-07</subfield>
    <subfield code="l">0</subfield>
    <subfield code="o">658.5 B929</subfield>
    <subfield code="p">L53836</subfield>
    <subfield code="r">2026-04-07 15:56:20</subfield>
    <subfield code="w">2026-04-07</subfield>
    <subfield code="y">L</subfield>
  </datafield>
</record>
